| 000 | 00827nam a2200265Ia 4500 | ||
|---|---|---|---|
| 008 | 160803s9999 xx 000 0 und d | ||
| 020 | _a978-1250056771 | ||
| 100 | _aGuiberson, Brenda Z. | ||
| 245 | _aRain, rain, rain forest / | ||
| 245 | _cBrenda Z. Guiberson ; illustrated by Steve Jenkins. | ||
| 260 | _aNew York : | ||
| 260 | _bScholastic Inc. | ||
| 260 | _c2004 | ||
| 300 | _a1 volume (unpaged) : | ||
| 300 | _bcolor illustrations ; | ||
| 300 | _c28 cm | ||
| 500 | _a"This edition is only available for distribution through the school market"--Page 4 of cover. | ||
| 650 | _aRain forest animals -- | ||
| 650 | _aRain forest ecology -- | ||
| 650 | _aRain forest plants -- | ||
| 650 | _xJuvenile literature. | ||
| 650 | _xJuvenile literature. | ||
| 650 | _xJuvenile literature. | ||
| 700 | _a870 | ||
| 999 |
_c298151 _d298151 |
||